Meilleurs pays du monde en ski alpin - Statistiques

Statistiques générales
  • Ce quiz a été pris 707 fois
  • Le résultat moyen est 26 sur 30
Statistiques - réponses
Nombre de médailles
or + argent + bronze
Pays % Correct
3 138 France
99%
3 51 France
99%
3 189 France
99%
5 95 Etats-Unis
97%
4 48 Etats-Unis
97%
5 143 Etats-Unis
97%
7 71 Norvège
97%
5 40 Norvège
97%
7 111 Norvège
97%
2 211 Suisse
96%
2 75 Suisse
96%
2 286 Suisse
96%
8 49 Suède
95%
8 19 Suède
95%
8 68 Suède
95%
Championnat du monde 1 309 Autriche
92%
Jeux olympiques 1 128 Autriche
92%
Cumul JO et Championnat du monde 1 437 Autriche
92%
6 77 Italie
92%
6 36 Italie
92%
6 113 Italie
92%
4 120 Allemagne
90%
7 27 Allemagne
90%
4 147 Allemagne
90%
9 32 Canada
89%
9 12 Canada
89%
9 44 Canada
89%
10 10 Croatie
43%
10 21 Liechtenstein
25%
10 31 Liechtenstein
25%
Aucun quiz correspondant
Distribution des résultats
% des personnes avec chaque résultat
Percentile par nombre de réponses
Votre historique - résultats
Vous n’avez pas pris ce quiz